Statistics for Name the Similar Flags

Click here to take the quiz!

General Stats

  • This quiz has been taken 26 times
  • The average score is 31 of 35

Answer Stats

Answer% Correct
Colombia
100%
Bulgaria
96%
Denmark
96%
Ecuador
96%
Hungary
96%
Netherlands
96%
Romania
96%
Russia
96%
Venezuela
96%
Australia
92%
Austria
92%
Georgia
92%
Luxembourg
92%
Monaco
92%
New Zealand
92%
Poland
92%
Thailand
92%
United States
92%
Chad
88%
Costa Rica
88%
Egypt
88%
England
88%
Fiji
88%
Indonesia
88%
Iraq
88%
Malaysia
88%
Senegal
88%
Singapore
88%
Andorra
84%
Cameroon
84%
Yemen
84%
Mali
76%
Tuvalu
72%
Bolivia
68%
Guinea
64%

Score Distribution

Percentile by Number Answered

Percent of People with Each Score

Your Score History

You have not taken this quiz